Marbach am Neckar, Alexanderkirche
| Subtitles: | Marbach am Neckar Alexanderkirche |
|---|---|
| Main Author: | |
| Contributors: | ; |
| Format: | Print Book |
| Language: | German |
| Subito Delivery Service: | Order now. |
| Check availability: | HBZ Gateway |
| WorldCat: | WorldCat |
| Interlibrary Loan: | Interlibrary Loan for the Fachinformationsdienste (Specialized Information Services in Germany) |
| Published: |
Regensburg
Schnell + Steiner
2013
|
| In: |
Kleine Kunstführer (2452)
Year: 2013 |
| Edition: | 3., erw. Aufl. |
| Series/Journal: | Kleine Kunstführer
2452 |
| Standardized Subjects / Keyword chains: | B
Alexanderkirche Marbach, Neckar
|
| Further subjects: | B
Alexanderkirche Marbach, Neckar
B Sacral building B Marbach am Neckar B Gothic B Art guide book B Church building B Furnishing |
MARC
| LEADER | 00000cam a2200000 c 4500 | ||
|---|---|---|---|
| 001 | 73843552X | ||
| 003 | DE-627 | ||
| 005 | 20251224182539.0 | ||
| 007 | tu | ||
| 008 | 130314s2013 gw ||||| 00| ||ger c | ||
| 015 | |a 13,A11 |2 dnb | ||
| 016 | 7 | |a 1031703799 |2 DE-101 | |
| 020 | |a 9783795463267 |c : geh. : EUR 3.00 |9 978-3-7954-6326-7 | ||
| 035 | |a (DE-627)73843552X | ||
| 035 | |a (DE-576)380114976 | ||
| 035 | |a (DE-599)DNB1031703799 | ||
| 035 | |a (OCoLC)934993666 | ||
| 035 | |a (OCoLC)830034728 | ||
| 035 | |a (OCoLC)835639225 | ||
| 040 | |a DE-627 |b ger |c DE-627 |e rakwb | ||
| 041 | |a ger | ||
| 044 | |c XA-DE | ||
| 082 | 0 | |a 720 | |
| 082 | 0 | |a 230 | |
| 082 | 0 | 4 | |a 720 |a 230 |q DNB |
| 084 | |a 9,10 |2 ssgn | ||
| 084 | |a LH 10100 |q BVB |2 rvk |0 (DE-625)rvk/92200: | ||
| 084 | |a 851 |2 bwlb | ||
| 084 | |a 21.70 |2 bkl | ||
| 090 | |a a | ||
| 100 | 1 | |0 (DE-588)109490355 |0 (DE-627)691047901 |0 (DE-576)314636706 |4 aut |a Dinkelacker, Hans |d 1925- | |
| 109 | |a Dinkelacker, Hans 1925- |a Dinkelacker, Hans Rudolf 1925- | ||
| 245 | 1 | 0 | |a Marbach am Neckar, Alexanderkirche |c [Hans Dinkelacker. Erg. und aktualisiert von Albrecht Gühring] |
| 246 | 3 | 3 | |a Marbach am Neckar Alexanderkirche |
| 250 | |a 3., erw. Aufl. | ||
| 264 | 1 | |a Regensburg |b Schnell + Steiner |c 2013 | |
| 300 | |a 27 S. |b zahlr. Ill., graph. Darst. |c 17 cm | ||
| 336 | |a Text |b txt |2 rdacontent | ||
| 337 | |a ohne Hilfsmittel zu benutzen |b n |2 rdamedia | ||
| 338 | |a Band |b nc |2 rdacarrier | ||
| 490 | 1 | |a Schnell, Kunstführer |v Nr. 2452 | |
| 500 | |a Literaturangaben | ||
| 583 | 1 | |a Archivierung/Langzeitarchivierung gewährleistet |f SSG |x XA-DE-BW |2 pdager |5 DE-16 | |
| 601 | |a Marbach am Neckar | ||
| 650 | 0 | 7 | |0 (DE-588)4021656-1 |0 (DE-627)104732164 |0 (DE-576)208939210 |a Gotik |2 gnd |7 (dpeaa)DE-631 |
| 650 | 0 | 7 | |0 (DE-588)4178936-2 |0 (DE-627)105337609 |0 (DE-576)20998788X |a Sakralbau |2 gnd |7 (dpeaa)DE-631 |
| 650 | 0 | 7 | |0 (DE-588)4073436-5 |0 (DE-627)104791268 |0 (DE-576)209190450 |a Kirchenbau |2 gnd |7 (dpeaa)DE-631 |
| 650 | 0 | 7 | |0 (DE-588)4138356-4 |0 (DE-627)105643300 |0 (DE-576)209685352 |a Ausstattung |2 gnd |7 (dpeaa)DE-631 |
| 651 | 7 | |0 (DE-588)4647824-3 |0 (DE-627)333130081 |0 (DE-576)214634043 |a Alexanderkirche Marbach, Neckar |2 gnd |7 (dpeaa)DE-631 | |
| 651 | 7 | |0 (DE-588)4037443-9 |0 (DE-627)106237489 |0 (DE-576)209024275 |a Marbach am Neckar |2 gnd |7 (dpeaa)DE-631 | |
| 655 | 7 | |a Kunstführer |0 (DE-588)4166029-8 |0 (DE-627)104492910 |0 (DE-576)209899433 |2 gnd-content | |
| 689 | 0 | 0 | |d g |0 (DE-588)4647824-3 |0 (DE-627)333130081 |0 (DE-576)214634043 |2 gnd |a Alexanderkirche Marbach, Neckar |
| 689 | 0 | |5 (DE-627) | |
| 700 | 1 | |0 (DE-588)111846064 |0 (DE-627)388699388 |0 (DE-576)166484172 |4 oth |a Gühring, Albrecht |d 1964- | |
| 700 | 1 | |e Ill. |0 (DE-588)115527990 |0 (DE-627)07730828X |0 (DE-576)176860908 |4 ill |a Götz, Roman von |d 1965- | |
| 830 | 0 | |a Kleine Kunstführer |v 2452 |9 2452.2013 |w (DE-627)129174130 |w (DE-576)004440587 |w (DE-600)51387-8 |7 am | |
| 935 | |a mteo |a BWLB | ||
| 935 | |i sf | ||
| 935 | |i Blocktest | ||
| 936 | r | v | |a LH 10100 |b Europa insgesamt |k Kunstgeschichte |k Allgemeines. Allgemeine Kunstgeschichte |k Kunstführer, Kunstreiseführer |k Europa |k Europa insgesamt |0 (DE-627)1271071231 |0 (DE-625)rvk/92200: |0 (DE-576)201071231 |
| 936 | b | k | |a 21.70 |j Geschichte der Sakralbaukunst |0 (DE-627)106421255 |
| 951 | |a BO | ||
| ELC | |b 1 | ||
| ITA | |a 1 | ||
| LOK | |0 000 xxxxxcx a22 zn 4500 | ||
| LOK | |0 001 3083128762 | ||
| LOK | |0 003 DE-627 | ||
| LOK | |0 004 73843552X | ||
| LOK | |0 005 20130703112608 | ||
| LOK | |0 008 130703||||||||||||||||ger||||||| | ||
| LOK | |0 040 |a DE-21-22 |c DE-627 |d DE-21-22 | ||
| LOK | |0 541 |e 13/216 | ||
| LOK | |0 852 |a DE-21-22 | ||
| LOK | |0 852 1 |c t 2150 |m p |9 00 | ||
| LOK | |0 852 2 |b Magazin |9 00 | ||
| LOK | |0 938 |a 1307 | ||
| LOK | |0 938 |k p | ||
| LOK | |0 939 |a 03-07-13 |b l01 | ||
| ORI | |a SA-MARC-ixtheoa001.raw | ||
| REL | |a 1 | ||
| STA | 0 | 0 | |a Church building,Church building,Church space,Architecture,Liturgical space,Church architecture,Furnishing,Gothic,Sacral building,Sacred architecture,Christian architecture,Religious architecture,Architecture |
| STB | 0 | 0 | |a Art gothique,Décoration,Édifice sacré,Église,Église,Architecture religieuse |
| STC | 0 | 0 | |a Decoración,Edificio sagrado,Iglesia,Iglesia,Período,Estilo gótico,Estilo gótico |
| STD | 0 | 0 | |a Arredamento,Decorazione,Dotazione,Decorazione,Dotazione,Arte gotica,Edificio della chiesa <motivo>,Edificio della chiesa,Chiesa (edificio),Chiesa,Chiesa (edificio, motivo),Chiesa,Edificio sacro |
| STE | 0 | 0 | |a 哥德式艺术,哥特式艺术,宗教建筑,神圣建筑,教堂建筑,教堂建筑,礼拜堂,教堂,礼拜堂,教堂,设备 |
| STF | 0 | 0 | |a 哥德式藝術,哥特式藝術,宗教建築,神聖建築,教堂建築,教堂建築,禮拜堂,教堂,禮拜堂,教堂,設備 |
| STG | 0 | 0 | |a Decoração,Edifício sagrado,Igreja,Igreja,Período,Estilo gótico,Estilo gótico |
| STH | 0 | 0 | |a Готика (искусство),Обстановка (архитектура),Сакральная архитектура,Строение церкви (мотив),Строение церкви |
| STI | 0 | 0 | |a Γοτθική τέχνη,Εκκλησιαστικό κτήριο <μοτίβο>,Εκκλησιαστικό κτήριο,Εκκλησία (κτήριο),Εκκλησία (κτήριο, μοτίβο),Εξοπλισμός,Διακόσμηση,Ιερό κτίσμα,Ιερό κτήριο |
| SUB | |a REL | ||
| SYE | 0 | 0 | |a Frühgotik,Spätgotik,Trecento,Gotische Kunst , Sakrale Architektur,Sakralarchitektur,Religiöse Architektur,Kultgebäude,Kultbau , Gotteshaus,Kirche <Gebäude>,Kirchengebäude,Kirchenraum,Kirchen <Gebäude>,Gotteshaus,Kirche,Kirchengebäude,Kirchenraum,Kirchen , Einrichtung |
| SYF | 0 | 0 | |a Marbach,Marbach, Neckar,Schillerstadt Marbach,Stadt Marbach am Neckar |